00703nam a2200241 a 4500001001300000003000900013005001700022008004100039020001200080082001500092100001800107245002700125260004400152300000900196500003500205505004300240650001600283700001800299902000800317942000700325952011400332999001500446nice12345678IN_TiNIC20260116012938.0050524s1962 mica grp 000 0 eng  ac80.8500a231.3bALL aAllen, Ronald aMinistry of the Spirit aMichiganbWilliam B.Eerdmans Pub c1962 a208p aincludes index and biblioraphy2 aBibliography, Index of Bible Reference aHoly Spirit1 aAllen, Ronald bSRS cBK 001040708StackRoom-aHMIbHMId2007-06-15g80.85l0o231.3 ALLp014455r2007-06-15v80.85w2005-05-24yBK c8999d8999